01333nam a2200325 i 4500003000900000005001700009007000300026008004100029020001800070040003000088082002400118100004400142245015700186250002300343264005600366300002700422336002700449337003400476338002800510490002400538490001100562500007200573600006600645650006300711651005900774651005900833700004500892700003800937830003200975DO-SdBNP20260524005308.0ta240325s2013 dr c 000 j spa d a9781932766400 aDO-SdBNPbspacBNPHUerda 1a320.97293bR696223 aRodríguez Beruff, Jorge,eautor4aut.10aEntre islas :bhomenaje puertorriqueño a Juan Bosch /cJorge Rodríguez Beruff ; editor, Juan B. Giusti de Jesús ; presentación, Franklin Franco  bPrimera edición  1aSan Juan, Puerto Rico :bEditora Callejón,c2013. a226 páginas :c22 cm atextobtxt2rdacontent asin mediación bn2rdamedia avolumenbnc2rdacarrier1 aColección En Fuga1 aEnsayo aIncluye datos biográficos de los editores en las paginas 221-226. 72LembaBosch, JuanxPensamiento político y socialy1909-2001 72LembaIntelectualesvBiografía zRepública Dominicana  72LembaRepública Dominicana xRealcioneszPuerto Rico 72LembaPuerto RicoxRealcioneszRepública Dominicana 1 aGiusti de Jesús, Juan B.,eeditor4ed.1 aFranco, Franklin,epresentación aColección En FugapEnsayo